Managing geriatric health services / (Record no. 283669)
[ view plain ]
| 000 -LEADER | |
|---|---|
| fixed length control field | 02211cam a2200349 a 4500 |
| 001 - CONTROL NUMBER | |
| control field | 17198206 |
| 003 - CONTROL NUMBER IDENTIFIER | |
| control field | PILC |
| 005 - DATE AND TIME OF LATEST TRANSACTION | |
| control field | 20150302085037.0 |
| 008 - FIXED-LENGTH DATA ELEMENTS--GENERAL INFORMATION | |
| fixed length control field | 120305s2013 mau b 001 0 eng |
| 010 ## - LIBRARY OF CONGRESS CONTROL NUMBER | |
| LC control number | 2012009502 |
| 020 ## - INTERNATIONAL STANDARD BOOK NUMBER | |
| International Standard Book Number | 9781449604608 (pbk.) |
| 020 ## - INTERNATIONAL STANDARD BOOK NUMBER | |
| International Standard Book Number | 1449604609 (pbk.) |
| 035 ## - SYSTEM CONTROL NUMBER | |
| System control number | (DNLM)101579535 |
| 040 ## - CATALOGING SOURCE | |
| Original cataloging agency | DNLM/DLC |
| Transcribing agency | DLC |
| Modifying agency | DLC |
| 042 ## - AUTHENTICATION CODE | |
| Authentication code | pcc |
| 050 00 - LIBRARY OF CONGRESS CALL NUMBER | |
| Classification number | RA 564.8 |
| Item number | .M33 2013 |
| 060 10 - NATIONAL LIBRARY OF MEDICINE CALL NUMBER | |
| Classification number | WT 31 |
| 082 00 - DEWEY DECIMAL CLASSIFICATION NUMBER | |
| Classification number | 618.97/023 |
| 100 1# - MAIN ENTRY--PERSONAL NAME | |
| Personal name | McDonnell, Alice. |
| 245 10 - TITLE STATEMENT | |
| Title | Managing geriatric health services / |
| Statement of responsibility, etc | Alice McDonnell. |
| 260 ## - PUBLICATION, DISTRIBUTION, ETC. (IMPRINT) | |
| Place of publication, distribution, etc | Burlington, Mass. : |
| Name of publisher, distributor, etc | Jones & Bartlett Learning, |
| Date of publication, distribution, etc | c2013. |
| 300 ## - PHYSICAL DESCRIPTION | |
| Extent | x xi, 409 pages : |
| Dimensions | 24 cm. |
| 504 ## - BIBLIOGRAPHY, ETC. NOTE | |
| Bibliography, etc | Includes bibliographical references and index. |
| 505 0# - FORMATTED CONTENTS NOTE | |
| Formatted contents note | Administration within long term care / Alice McDonnell -- The nurse administrator in long term care / contributor, Mary Alice Golden -- Rehabilitative therapists in geriatric health services / Alice McDonnell and Sneh Akruvala -- Social work in geriatric health services / contributor, Doris Chechotka-Mcquade -- Nutritional considerations for the older adult population / contributors, Jessica Bodzio and Lee Harrison -- Enhancing quality of life for older adults through the creative arts therapies / contributors, Barbara Parker-Bell, and Sr. Mariam Pfeifer -- Financing long term care / contributor, James Pettinato -- Meeting spiritual and religious needs in long term care / contributor, Sr. Gail Cabral -- |
| 505 0# - FORMATTED CONTENTS NOTE | |
| Formatted contents note | Nurse satisfaction in the long-term dementia care environment / contributor, Barbara Parker-Bell -- Quality of care in geriatric health services / contributors, Joseph Lyons and Kathleen Healy-Karabell -- Oral history / contributor, Kathleen Munley -- Ethics in long term care / contributor, Christina Hasemann -- End-of-life care : an introduction to hospice and palliative care / Alice McDonnell, and William Miller -- Interdisciplinary case studies -- / Karen Arscott. |
| 650 12 - SUBJECT ADDED ENTRY--TOPICAL TERM | |
| Topical term or geographic name as entry element | Health Services for the Aged. |
| 650 22 - SUBJECT ADDED ENTRY--TOPICAL TERM | |
| Topical term or geographic name as entry element | Aged. |
| 650 22 - SUBJECT ADDED ENTRY--TOPICAL TERM | |
| Topical term or geographic name as entry element | Long-Term Care |
| General subdivision | organization & administration. |
| 650 22 - SUBJECT ADDED ENTRY--TOPICAL TERM | |
| Topical term or geographic name as entry element | Quality of Health Care |
| General subdivision | standards. |
| 906 ## - LOCAL DATA ELEMENT F, LDF (RLIN) | |
| a | 7 |
| b | cbc |
| c | orignew |
| d | 1 |
| e | ecip |
| f | 20 |
| g | y-gencatlg |
| 942 ## - ADDED ENTRY ELEMENTS (KOHA) | |
| Source of classification or shelving scheme | Library of Congress Classification |
| Koha item type | Books |
| Withdrawn status | Lost status | Source of classification or shelving scheme | Damaged status | Home library | Current library | Shelving location | Date acquired | Source of acquisition | Sub Shelving location | Total Checkouts | Full call number | Barcode | Date last seen | Price effective from | Koha item type |
|---|---|---|---|---|---|---|---|---|---|---|---|---|---|---|---|
| Library of Congress Classification | College Library | College Library | Reserve Section | 03/02/2015 | Library Fund | RA 564.8 .M33 2013 | C19196 | 05/15/2018 | 03/02/2015 | Books |